zpět

Detail výsledku týmu

Srdcovka Ústí, Ústí nad Labem

Datum a čas kvízu

24 Celkem bodů Celkový počet nahraných bodů na tomto kvízu bez doplňovacích otázek.
8. Pořadí na kvízu Konečné umístění týmu na tomto kvízu.

Zaznamenané odpovědi

# Otázka Odpověď Body Výsledky
1. Minulý týden informovala Fakul... o základní kámen 0
2. Americká firma Mattel se dopus... adresa pornografických stránek 0
3. V rámci festivalu Prague Sound... Richard Müller, David Koller 0
4. V pátek byl v Praze, při příle... Belgie 1
5. Která 40letá úspěšná lyžařka o... Lindsey Vonn 1
6. Většina z nás se v dětství uči... salmiak 0
7. Který z těchto smyslů je u člo... sluch (z ucha) 1
8. U kterého z následujících živo... B 1
9. Těsné propojení čichu a chuti... A 0
10. Buňky v sítnici lidského oka c... tyčinky 0